La educación general básica
-д хадгалсан:
| Байгууллагын зохиогч: | |
|---|---|
| Формат: | Ном |
| Хэл сонгох: | испани |
| Хэвлэсэн: |
Santiago
CPEIP
1984
|
| Хэвлэл: | 2a. ed |
| Цуврал: | Serie ciencias de la educación, 4
|
| Нөхцлүүд: | |
| Шошгууд: |
Шошго нэмэх
Шошго байхгүй, Энэхүү баримтыг шошголох эхний хүн болох!
|
MARC
| LEADER | 00000nam a2200000 a 4500 | ||
|---|---|---|---|
| 001 | UCZ0595 | ||
| 003 | CL-VaPUC | ||
| 005 | 20230111074158.0 | ||
| 008 | 950804e19840000CL |||||||||||||||||spa|d | ||
| 999 | |c 237512 |d 237510 | ||
| 040 | |c Pontificia Universidad Católica de Valparaíso | ||
| 082 | 0 | 4 | |a 372.01 |b CEN |2 21 |
| 110 | 2 | |a Centro de Perfeccionamiento, Experimentacion e Investigaciones Pedagógicas |e author |9 343601 | |
| 245 | 1 | 3 | |a La educación general básica |
| 250 | |a 2a. ed | ||
| 260 | |a Santiago |b CPEIP |c 1984 | ||
| 300 | |a v | ||
| 490 | 0 | |a Serie ciencias de la educación, 4 | |
| 583 | |a last modification |c 19950804 00:00:00 |k Rodrigo Vera | ||
| 600 | 0 | 7 | |a PIAGET, JEAN |2 CL-VaPUC |9 308149 |
| 600 | 0 | 7 | |a BRUNER, JEROME SEYMOUR |2 CL-VaPUC |9 343602 |
| 600 | 0 | 7 | |a ERIKSON, ERIK H |2 CL-VaPUC |9 343603 |
| 600 | 0 | 7 | |a Lewin, Kurt |d 1890-1947 |9 860628 |
| 650 | 0 | |a Educación básica |9 224933 | |
| 650 | 0 | |a Planificación del currículo |9 269599 | |
| 650 | 0 | |a Psicología del desarrollo |9 307541 | |
| 650 | 7 | |a CRECIMIENTO |2 CL-VaPUC |9 343604 | |
| 650 | 0 | |a Desarrollo motor |9 313002 | |
| 650 | 0 | |a Desarrollo afectivo |9 334359 | |
| 650 | 0 | |a Desarrollo mental |9 313003 | |
| 942 | |c BK |2 ddc | ||
| 945 | |d 19950804 00:00:00 |a mfernand | ||
| 952 | |0 0 |1 0 |4 0 |6 372_010000000000000_CEN_1984 |7 0 |8 P |9 246749 |a BIBEDU |b BIBEDU |c BIBEDU_PB |d 2019-11-18 |h v.1 |i 1549588 |o 372.01 CEN 1984 |p 1549588 |r 2024-01-25 |w 2019-11-18 |y BK |k EDU | ||
| 952 | |0 0 |1 0 |4 0 |6 372_010000000000000_CEN_1984 |7 0 |8 P |9 246750 |a BIBEDU |b BIBEDU |c BIBEDU_PB |d 2019-11-18 |h v.1 |i 1549596 |o 372.01 CEN 1984 |p 1549596 |r 2024-01-25 |w 2019-11-18 |y BK |k EDU | ||
| 952 | |0 0 |1 0 |4 0 |6 372_010000000000000_CEN_1984 |7 0 |8 P |9 246751 |a BIBEDU |b BIBEDU |c BIBEDU_PB |d 2019-11-18 |h v.1 |i 154960K |o 372.01 CEN 1984 |p 154960K |r 2024-01-25 |w 2019-11-18 |y BK |k EDU | ||